[Event "Muensterland Verbandsliga Gr2 2223"]
[Site "Germany"]
[Date "2022.11.12"]
[Round "3.4"]
[White "Harbers, Gerard"]
[Black "Terdues, Guido"]
[Result "1/2-1/2"]
[WhiteElo "1848"]
[BlackElo "1734"]
[PlyCount "115"]
[EventDate "2022.09.10"]
[EventType "team-tourn"]
[EventRounds "5"]
[EventCountry "GER"]
[SourceTitle "EXT 2024"]
[Source "ChessBase"]
[SourceDate "2023.10.10"]
[SourceVersion "1"]
[SourceVersionDate "2023.10.10"]
[SourceQuality "1"]
[WhiteTeam "Suedlohn II"]
[BlackTeam "Ahaus Wessum"]
[WhiteTeamCountry "GER"]
[BlackTeamCountry "GER"]

1. e4 d5 2. exd5 Qxd5 3. Nc3 Qa5 4. d4 c6 5. Bd3 Nf6 6. Nge2 g6 7. 0-0 Bg7 8. Bd2 0-0 9. a3 Nbd7 10. b4 Qc7 11. Bf4 e5 12. Bg3 Nh5 13. Bc4 Nxg3 14. fxg3 Nb6 15. Bb3 Bf5 16. dxe5 Qxe5 17. Qd2 c5 18. Nd5 Rad8 19. c4 Nxd5 20. cxd5 cxb4 21. axb4 a6 22. Rae1 Rd6 23. Kh1 Rfd8 24. Qf4 Qxf4 25. Nxf4 Bc3 26. Re7 b6 27. Rc1 Bxb4 28. Rcc7 R6d7 29. d6 Bxd6 30. Rcxd7 Rxd7 31. Bxf7+ Kf8 32. Rxd7 Bxd7 33. Bd5 Bxf4 34. gxf4 Ke7 35. Kg1 Kd6 36. Bg8 h6 37. Kf2 g5 38. Ke3 a5 39. fxg5 hxg5 40. Kd4 Kc6 41. Bd5+ Kb5 42. Kc3 Ka4 43. Kb2 Kb4 44. Bf3 a4 45. Bd5 Bb5 46. g3 Bd3 47. h4 gxh4 48. gxh4 Bg6 49. Bf3 a3+ 50. Ka2 b5 51. Bc6 Bf7+ 52. Ka1 Bc4 53. Bxb5 Kxb5 54. h5 Kb4 55. h6 Bd3 56. h7 Bxh7 57. Ka2 Ka4 58. Ka1 1/2-1/2

[Event "Muensterland Regionalliga 1920"]
[Site "Germany"]
[Date "2019.11.30"]
[Round "4.6"]
[White "Kornick, Ulrich"]
[Black "Terdues, Guido"]
[Result "1-0"]
[WhiteElo "1912"]
[BlackElo "1734"]
[PlyCount "61"]
[EventDate "2019.09.07"]
[EventType "team-tourn"]
[EventRounds "7"]
[EventCountry "GER"]
[SourceTitle "EXT 2023"]
[Source "ChessBase"]
[SourceDate "2022.10.05"]
[SourceVersion "1"]
[SourceVersionDate "2022.10.05"]
[SourceQuality "1"]
[WhiteTeam "Rheine Klein Berlin"]
[BlackTeam "Ahaus Wessum"]
[WhiteTeamCountry "GER"]
[BlackTeamCountry "GER"]

1. d4 f5 2. Bf4 Nf6 3. h3 g6 4. c3 Bg7 5. Qb3 d6 6. Nd2 e6 7. e3 Nc6 8. Bb5 0-0 9. Bxc6 bxc6 10. Ngf3 Qe7 11. 0-0 h6 12. Rfe1 Kh7 13. Bh2 Bd7 14. e4 Rfb8 15. Qa3 fxe4 16. Nxe4 Nxe4 17. Rxe4 Rb5 18. c4 Rf5 19. Rae1 Qf7 20. R4e3 a5 21. g4 Rf6 22. c5 Bf8 23. cxd6 cxd6 24. Bxd6 Bxd6 25. Qxd6 Rxf3 26. Rxf3 Qxf3 27. Qxd7+ Kh8 28. Qxe6 Rf8 29. Qe3 Qf6 30. Qxh6+ Kg8 31. Qe3 1-0

[Event "Muensterland Regionalliga 1819"]
[Site "Germany"]
[Date "2018.09.29"]
[Round "2.8"]
[White "Peters, Helmut"]
[Black "Terdues, Guido"]
[Result "1/2-1/2"]
[WhiteElo "1941"]
[BlackElo "1754"]
[PlyCount "84"]
[EventDate "2018.09.08"]
[EventType "team-tourn"]
[EventRounds "9"]
[EventCountry "GER"]
[SourceTitle "EXT 2020"]
[Source "ChessBase"]
[SourceDate "2019.10.17"]
[SourceVersion "1"]
[SourceVersionDate "2019.10.17"]
[SourceQuality "1"]
[WhiteTeam "Muenster II"]
[BlackTeam "Ahaus Wessum"]
[WhiteTeamCountry "GER"]
[BlackTeamCountry "GER"]

1. c4 f5 2. g3 Nf6 3. Nf3 g6 4. Bg2 Bg7 5. 0-0 0-0 6. Nc3 c6 7. d4 d5 8. b3 Re8 9. Qc2 Nbd7 10. cxd5 Nxd5 11. Nxd5 cxd5 12. Bf4 Nf6 13. Bc7 Qd7 14. Ne5 Qe6 15. Nd3 b6 16. Be5 Qd7 17. Rfc1 Bb7 18. a4 Rec8 19. Qb2 e6 20. e3 Rxc1+ 21. Rxc1 Rc8 22. Bf1 Rxc1 23. Qxc1 Ne8 24. Bxg7 Kxg7 25. Ne5 Qc7 26. Qxc7+ Nxc7 27. b4 a6 28. f3 Bc8 29. b5 axb5 30. axb5 Na8 31. Kf2 Kf6 32. Bd3 Ke7 33. h4 Nc7 34. g4 Bd7 35. Nxd7 Kxd7 36. Kg3 Ke7 37. Kf4 Kf6 38. g5+ Ke7 39. Ke5 Ne8 40. Be2 Nd6 41. Bd3 Nf7+ 42. Kf4 Nd6 1/2-1/2

[Event "Muensterland Regionalliga 1718"]
[Site "Germany"]
[Date "2018.04.21"]
[Round "8.6"]
[White "Terdues, Guido"]
[Black "Rieke, Theo"]
[Result "1/2-1/2"]
[WhiteElo "1727"]
[BlackElo "1949"]
[PlyCount "38"]
[EventDate "2017.09.02"]
[EventType "team-tourn"]
[EventRounds "9"]
[EventCountry "GER"]
[SourceTitle "EXT 2019"]
[Source "ChessBase"]
[SourceDate "2018.10.10"]
[SourceVersion "1"]
[SourceVersionDate "2018.10.10"]
[SourceQuality "1"]
[WhiteTeam "Ahaus Wessum"]
[BlackTeam "Neuenkirchen"]
[WhiteTeamCountry "GER"]
[BlackTeamCountry "GER"]

1. f4 Nf6 2. Nf3 g6 3. g3 Bg7 4. Bg2 0-0 5. 0-0 c5 6. d3 d5 7. Nc3 Nc6 8. e4 dxe4 9. dxe4 Qxd1 10. Rxd1 e5 11. h3 Be6 12. a3 h6 13. Be3 b6 14. Rd2 Rad8 15. Rad1 Nh5 16. Rxd8 Rxd8 17. Rxd8+ Nxd8 18. Nxe5 Nxg3 19. Kf2 Nh5 1/2-1/2

[Event "Muensterland Verbandsliga 1617"]
[Site "Germany"]
[Date "2017.05.06"]
[Round "9.7"]
[White "Rickert, Berthold"]
[Black "Terdues, Guido"]
[Result "1/2-1/2"]
[WhiteElo "1743"]
[BlackElo "1720"]
[PlyCount "28"]
[EventDate "2016.09.10"]
[EventType "team"]
[EventRounds "9"]
[EventCountry "GER"]
[SourceTitle "EXT 2018"]
[Source "ChessBase"]
[SourceDate "2017.10.13"]
[SourceVersion "1"]
[SourceVersionDate "2017.10.13"]
[SourceQuality "1"]
[WhiteTeam "Borken"]
[BlackTeam "Ahaus Wessum"]
[WhiteTeamCountry "GER"]
[BlackTeamCountry "GER"]

1. c4 f5 2. d4 Nf6 3. Nc3 e6 4. g3 d5 5. Bg2 c6 6. Bf4 Bd6 7. Bxd6 Qxd6 8. Qd3 Qb4 9. b3 Ne4 10. Rc1 0-0 11. f3 Nxc3 12. Qxc3 Qxc3+ 13. Rxc3 Nd7 14. f4 Nf6 1/2-1/2

[Event "Muensterland Verbandsliga 1617"]
[Site "Germany"]
[Date "2017.01.28"]
[Round "6.7"]
[White "Terdues, Guido"]
[Black "Bartsch, Rainer"]
[Result "1/2-1/2"]
[WhiteElo "1720"]
[BlackElo "1805"]
[PlyCount "57"]
[EventDate "2016.09.10"]
[EventType "team"]
[EventRounds "9"]
[EventCountry "GER"]
[SourceTitle "EXT 2018"]
[Source "ChessBase"]
[SourceDate "2017.10.13"]
[SourceVersion "1"]
[SourceVersionDate "2017.10.13"]
[SourceQuality "1"]
[WhiteTeam "Ahaus Wessum"]
[BlackTeam "Saerbeck"]
[WhiteTeamCountry "GER"]
[BlackTeamCountry "GER"]

1. f4 d5 2. Nf3 Nf6 3. e3 g6 4. b3 Bg7 5. Bb2 c5 6. Bb5+ Bd7 7. Na3 Bxb5 8. Nxb5 a6 9. Nc3 Nc6 10. 0-0 Ne4 11. Na4 Bxb2 12. Nxb2 0-0 13. c4 d4 14. d3 Nf6 15. e4 Ng4 16. Qd2 Qc7 17. Nd1 f5 18. e5 e6 19. h3 Nh6 20. Qe1 Nf7 21. Rf2 a5 22. a3 Rfd8 23. g4 Kh8 24. g5 Kg7 25. Rg2 Rh8 26. Qg3 Ne7 27. h4 h5 28. gxh6+ Rxh6 29. Ng5 1/2-1/2

[Event "Muensterland Verbandsliga 1617"]
[Site "Germany"]
[Date "2016.10.01"]
[Round "2.7"]
[White "Terdues, Guido"]
[Black "Schulte, Ralf"]
[Result "1/2-1/2"]
[WhiteElo "1720"]
[BlackElo "1738"]
[PlyCount "40"]
[EventDate "2016.09.10"]
[EventType "team"]
[EventRounds "9"]
[EventCountry "GER"]
[SourceTitle "EXT 2018"]
[Source "ChessBase"]
[SourceDate "2017.10.13"]
[SourceVersion "1"]
[SourceVersionDate "2017.10.13"]
[SourceQuality "1"]
[WhiteTeam "Ahaus Wessum"]
[BlackTeam "Emsdetten Rochade II"]
[WhiteTeamCountry "GER"]
[BlackTeamCountry "GER"]

1. f4 Nf6 2. Nf3 b6 3. b3 Bb7 4. e3 g6 5. Bb2 Bg7 6. Be2 0-0 7. 0-0 d6 8. c4 Nbd7 9. d4 e6 10. Qe1 Re8 11. Nbd2 c5 12. Qh4 Rc8 13. Rad1 Ne4 14. Nxe4 Qxh4 15. Nxh4 Bxe4 16. g4 Bf6 17. Ng2 d5 18. cxd5 Bxd5 19. Ba6 Rc7 20. e4 Bc6 1/2-1/2

[Event "Muensterland Verbandsliga 1516"]
[Site "Germany"]
[Date "2016.01.16"]
[Round "5.8"]
[White "Terdues, Guido"]
[Black "Kamp, Adrian"]
[Result "1/2-1/2"]
[WhiteElo "1717"]
[BlackElo "1573"]
[PlyCount "47"]
[EventDate "2015.09.12"]
[EventType "team"]
[EventRounds "9"]
[EventCountry "GER"]
[SourceTitle "EXT 2017"]
[Source "ChessBase"]
[SourceDate "2016.10.25"]
[SourceVersion "1"]
[SourceVersionDate "2016.10.25"]
[SourceQuality "1"]
[WhiteTeam "Ahaus Wessum"]
[BlackTeam "Muenster SK V"]
[WhiteTeamCountry "GER"]
[BlackTeamCountry "GER"]

1. f4 e5 2. fxe5 d6 3. exd6 Bxd6 4. Nf3 g5 5. g3 g4 6. Nh4 Ne7 7. d4 Ng6 8. Nxg6 hxg6 9. Qd3 Nc6 10. c3 Bf5 11. e4 Qe7 12. Bg2 0-0-0 13. Be3 Be6 14. Bf2 f5 15. Nd2 f4 16. gxf4 Bxf4 17. Bg3 Ne5 18. Qe2 Bxd2+ 19. Kxd2 Qg5+ 20. Kc2 Nc4 21. Rae1 Rhe8 22. b3 Nd6 23. c4 Nf5 24. Be5 1/2-1/2

[Event "Muensterland Verbandsliga 1516"]
[Site "Germany"]
[Date "2015.12.12"]
[Round "4.8"]
[White "Wagner, Nils Frederic"]
[Black "Terdues, Guido"]
[Result "0-1"]
[WhiteElo "1636"]
[BlackElo "1717"]
[PlyCount "112"]
[EventDate "2015.09.12"]
[EventType "team"]
[EventRounds "9"]
[EventCountry "GER"]
[SourceTitle "EXT 2017"]
[Source "ChessBase"]
[SourceDate "2016.10.25"]
[SourceVersion "1"]
[SourceVersionDate "2016.10.25"]
[SourceQuality "1"]
[WhiteTeam "Borken"]
[BlackTeam "Ahaus Wessum"]
[WhiteTeamCountry "GER"]
[BlackTeamCountry "GER"]

1. c4 f5 2. g3 Nf6 3. Bg2 e6 4. Nc3 d5 5. d4 c6 6. cxd5 exd5 7. Nf3 Bd6 8. 0-0 0-0 9. Qb3 Nbd7 10. Ng5 Nb6 11. e4 fxe4 12. Ngxe4 Nxe4 13. Nxe4 Bc7 14. Bg5 Qe8 15. Rae1 Qf7 16. Nd2 Bd6 17. Nf3 Qh5 18. h4 Bg4 19. Ne5 Be2 20. Bh3 Bxe5 21. g4 Bxg4 22. dxe5 h6 23. Bc1 Qxh4 24. Re3 h5 25. Rg3 Rae8 26. f4 g5 27. Qd3 Rf7 28. Bd2 c5 29. Be1 Bxh3 30. Rxh3 Qg4+ 31. Rg3 Qd7 32. Rxg5+ Rg7 33. Qg3 Rf8 34. Qh4 Rxg5+ 35. Qxg5+ Qg7 36. Bh4 Qxg5+ 37. Bxg5 Rf5 38. b3 Kf7 39. Re1 Ke6 40. Kf2 Nd7 41. Rh1 d4 42. Rxh5 Nxe5 43. Ke2 Nf7 44. Rh7 b5 45. Kd3 Kd5 46. Rg7 c4+ 47. bxc4+ bxc4+ 48. Kd2 Nxg5 49. fxg5 Rf2+ 50. Kd1 Rxa2 51. g6 Ke4 52. Re7+ Kd3 53. Kc1 Ra1+ 54. Kb2 Rg1 55. g7 c3+ 56. Kb3 c2 0-1

[Event "Muensterland Verbandsliga 1516"]
[Site "Germany"]
[Date "2015.10.24"]
[Round "2.6"]
[White "Wetter, Ralf"]
[Black "Terdues, Guido"]
[Result "1/2-1/2"]
[WhiteElo "1848"]
[BlackElo "1717"]
[PlyCount "45"]
[EventDate "2015.09.12"]
[EventType "team"]
[EventRounds "9"]
[EventCountry "GER"]
[SourceTitle "EXT 2017"]
[Source "ChessBase"]
[SourceDate "2016.10.25"]
[SourceVersion "1"]
[SourceVersionDate "2016.10.25"]
[SourceQuality "1"]
[WhiteTeam "Heiden"]
[BlackTeam "Ahaus Wessum"]
[WhiteTeamCountry "GER"]
[BlackTeamCountry "GER"]

1. Nf3 f5 2. c4 Nf6 3. Nc3 e6 4. g3 b6 5. Bg2 Bb7 6. 0-0 Be7 7. d4 0-0 8. Qc2 Qe8 9. Bf4 d6 10. Rad1 Nbd7 11. Ng5 Bxg2 12. Kxg2 Bd8 13. d5 e5 14. Bc1 Qg6 15. Ne6 Rf7 16. b4 Nf8 17. c5 Ne8 18. Nxd8 Rxd8 19. Nb5 a6 20. Na7 dxc5 21. Nc6 Rxd5 22. Qc4 Qxc6 23. Qxd5 1/2-1/2

[Event "Muensterland Verbandsklasse-A 1011"]
[Site "Germany"]
[Date "2010.12.11"]
[Round "4.5"]
[White "Terdues, Guido"]
[Black "Dieks, Matthias"]
[Result "1/2-1/2"]
[WhiteElo "1669"]
[BlackElo "1795"]
[PlyCount "48"]
[EventDate "2010.09.18"]
[EventType "team-tourn"]
[EventRounds "9"]
[EventCountry "GER"]
[SourceTitle "EXT 2012"]
[Source "ChessBase"]
[SourceDate "2011.11.24"]
[SourceVersion "1"]
[SourceVersionDate "2011.11.24"]
[SourceQuality "1"]
[WhiteTeam "Ahaus Wessum II"]
[BlackTeam "Emsdetten Rochade"]
[WhiteTeamCountry "GER"]
[BlackTeamCountry "GER"]

1. f4 e5 2. fxe5 Nc6 3. Nf3 g5 4. d4 g4 5. Ng5 d5 6. exd6 Qxd6 7. d5 Nb4 8. c4 Qg6 9. Na3 h6 10. Qd4 hxg5 11. Qxh8 f6 12. h4 gxh3 13. gxh3 Bd7 14. h4 0-0-0 15. hxg5 Bd6 16. Qh7 Qe8 17. Bh3 Kb8 18. Bxd7 Rxd7 19. Qf5 Re7 20. Qf3 Qg6 21. Kd1 Be5 22. Rf1 a5 23. Qf5 Qe8 24. Rb1 c6 1/2-1/2

[Event "Muensterland Verbandsklasse-A 0910"]
[Site "Germany"]
[Date "2010.02.20"]
[Round "7.7"]
[White "Wigger, Reiner"]
[Black "Terdues, Guido"]
[Result "1/2-1/2"]
[WhiteElo "1835"]
[BlackElo "1615"]
[PlyCount "57"]
[EventDate "2009.09.19"]
[EventType "team-tourn"]
[EventRounds "9"]
[EventCountry "GER"]
[SourceTitle "EXT 2011"]
[Source "ChessBase"]
[SourceDate "2010.11.26"]
[SourceVersion "1"]
[SourceVersionDate "2010.11.26"]
[SourceQuality "1"]
[WhiteTeam "Muenster Indische Dame"]
[BlackTeam "Ahaus Wessum II"]
[WhiteTeamCountry "GER"]
[BlackTeamCountry "GER"]

1. e4 d5 2. exd5 Qxd5 3. Nf3 Nf6 4. d4 c6 5. c4 Qa5+ 6. Nc3 Bg4 7. Be2 Nbd7 8. 0-0 e6 9. Bf4 Bxf3 10. Bxf3 g5 11. Bd2 Rg8 12. Nd5 Qd8 13. Ne3 Bd6 14. Re1 g4 15. Be2 h5 16. Bd3 Qc7 17. g3 h4 18. Nf5 hxg3 19. fxg3 0-0-0 20. Nxd6+ Qxd6 21. Be3 c5 22. Qa4 cxd4 23. Bf4 e5 24. Bd2 Nc5 25. Bf5+ Kb8 26. Qa3 Ka8 27. Bb4 b6 28. Bxc5 bxc5 29. Qd3 1/2-1/2

[Event "Muensterland Verbandsklasse-A 0910"]
[Site "Germany"]
[Date "2010.01.09"]
[Round "5.7"]
[White "Suer, Julian"]
[Black "Terdues, Guido"]
[Result "0-1"]
[WhiteElo "1669"]
[BlackElo "1615"]
[PlyCount "76"]
[EventDate "2009.09.19"]
[EventType "team-tourn"]
[EventRounds "9"]
[EventCountry "GER"]
[SourceTitle "EXT 2011"]
[Source "ChessBase"]
[SourceDate "2010.11.26"]
[SourceVersion "1"]
[SourceVersionDate "2010.11.26"]
[SourceQuality "1"]
[WhiteTeam "Raesfeld Erle"]
[BlackTeam "Ahaus Wessum II"]
[WhiteTeamCountry "GER"]
[BlackTeamCountry "GER"]

1. e4 d5 2. d4 dxe4 3. Nc3 Nf6 4. f3 c6 5. fxe4 g6 6. Nf3 Bg4 7. Be3 Bg7 8. Bc4 e6 9. 0-0 0-0 10. Qd2 Nbd7 11. Rad1 Re8 12. Bg5 Qb6 13. e5 Bxf3 14. Rxf3 Nxe5 15. Rxf6 Nxc4 16. Qf4 e5 17. Qh4 exd4 18. Na4 Qb5 19. b3 Ne3 20. Rd3 Nxc2 21. Rdf3 Re1+ 22. Kf2 Rf1+ 23. Kg3 Qe5+ 24. Kh3 Bxf6 25. Bxf6 Rxf3+ 26. gxf3 Qh5 27. Qxh5 gxh5 28. Nc5 b6 29. Nd7 Re8 30. Bg5 Re2 31. Nf6+ Kg7 32. Nxh5+ Kg6 33. Nf4+ Kxg5 34. Nxe2 d3 35. Nc3 Kf4 36. Kg2 Ke3 37. Nd1+ Ke2 38. Nc3+ Ke1 0-1